|
|
|
|
| LEADER |
00000nam0a2200000 4500 |
| 001 |
314069 |
| 005 |
20231102002636.0 |
| 010 |
|
|
|a 9785811412778
|
| 035 |
|
|
|a (RuTPU)RU\TPU\book\339480
|
| 090 |
|
|
|a 314069
|
| 100 |
|
|
|a 20160208d2016 m y0rusy50 ca
|
| 101 |
0 |
|
|a rus
|
| 102 |
|
|
|a RU
|
| 105 |
|
|
|a a j 001zy
|
| 200 |
1 |
|
|a Анализ ответов при решении задач по общей физике
|e учебное пособие
|f В. Ю. Тополов, А. С. Богатин
|
| 210 |
|
|
|a Санкт-Петербург
|c Лань
|d 2016
|
| 215 |
|
|
|a 78 с.
|c ил.
|
| 225 |
1 |
|
|a Учебники для вузов. Специальная литература
|
| 320 |
|
|
|a Библиогр.: с. 77-78.
|
| 330 |
|
|
|a Рассмотрены 80 примеров анализа ответов задач по основным темам университетского курса физики. Показаны различные возможности анализа, способствующего эффективному усвоению учебного материала, развитию навыков физического мышления и практического применения полученных знаний.Учебное пособие предназначено для студентов естественнонаучных факультетов университетов, а также может быть использовано на практических занятиях по физике в технических и педагогических вузах.
|
| 606 |
1 |
|
|a Физика
|2 stltpush
|3 (RuTPU)RU\TPU\subj\63709
|9 80688
|
| 610 |
1 |
|
|a механика
|
| 610 |
1 |
|
|a электричество
|
| 610 |
1 |
|
|a магнетизм
|
| 610 |
1 |
|
|a колебания
|
| 610 |
1 |
|
|a волны
|
| 610 |
1 |
|
|a оптика
|
| 610 |
1 |
|
|a макросистемы
|
| 610 |
1 |
|
|a материальные точки
|
| 610 |
1 |
|
|a твердые тела
|
| 610 |
1 |
|
|a законы сохранения
|
| 610 |
1 |
|
|a постоянный электрический ток
|
| 610 |
1 |
|
|a магнитные поля
|
| 610 |
1 |
|
|a электромагнитная индукция
|
| 610 |
1 |
|
|a механические колебания
|
| 610 |
1 |
|
|a электромагнитные колебания
|
| 610 |
1 |
|
|a волновые процессы
|
| 610 |
1 |
|
|a геометрическая оптика
|
| 610 |
1 |
|
|a фотометрия
|
| 610 |
1 |
|
|a интерференция
|
| 610 |
1 |
|
|a дифракция
|
| 610 |
1 |
|
|a свет
|
| 610 |
1 |
|
|a поляризация
|
| 610 |
1 |
|
|a поглощение
|
| 610 |
1 |
|
|a квантовое излучение
|
| 610 |
1 |
|
|a газообразное состояние
|
| 610 |
1 |
|
|a фазовые превращения
|
| 610 |
1 |
|
|a молекулярно-кинетическая теория
|
| 610 |
1 |
|
|a задачи
|
| 610 |
1 |
|
|a решения
|
| 610 |
1 |
|
|a учебные пособия
|
| 675 |
|
|
|a 53(076)
|v 4
|
| 700 |
|
1 |
|a Тополов
|b В. Ю.
|g Виталий Юрьевич
|
| 701 |
|
1 |
|a Богатин
|b А. С.
|g Александр Соломонович
|
| 801 |
|
1 |
|a RU
|b 63413507
|c 20160208
|
| 801 |
|
2 |
|a RU
|b 63413507
|c 20160408
|g RCR
|
| 900 |
|
|
|a Общая физика
|
| 942 |
|
|
|c BK
|
| 959 |
|
|
|a 17/20160208
|d 1
|e 194,70
|f ЧЗТЛ:1
|